000 02098nam a2200349 a 4500
001 000014754
003 DO-SdBNP
005 20250606121936.0
008 100120s2007 dr abc 000 0 spa d
020 _a9789945856828
040 _aDO-SdBNP
_bspa
_cBNPHU
082 _a306.08
_bN583m
100 1 _aNicasio R. , Irma
_933445
245 1 0 _aMigraciones, identidades y cultura en la República Dominicana /
_cIrma Nicasio R., Odalís G. Pérez.
260 _aSanto Domingo :
_bHostos ;
_bCUNY ;
_bUASD,
_c2007.
300 _a421 p. :
_bil. ; mapa ; retrs.
504 _aBibliografía : p. 409-421
505 2 _aReflexiones teóricas generales sobre migraciones y formaciones étnicas -- Antecedentes de la cultura aborigen (siglo XIV) -- Procesos de colonización española (1492-1520) -- La trata de grupos étnicos africanos (siglo XVI y XVII) -- La cultura afroamericana en Samaná (1822-1844) -- La cultura afroantillana o cocola (1887-1930) -- La migración de braceros haitianos (1916-2005) -- Nuevas migración étnicas a República Dominicana (1920-1960) -- Multiculturismo, multietnicidad e identidad cultural dominicana -- Identidad y patrimonio en República Dominicana -- Creación artística en República Dominicana -- Imágenes del arte dominicano -- Arte, urbanismo y arquitectura -- La sociocultura -- teatro, carnaval, espacio de la danza y espacio ritual en República Domininicana -- Diversidades y nacimientos artístico-culturales -- Literatura dominicana e identidad nacional.
590 _aInventariado, 2018/BT
650 0 _aIdentidad nacional
_92163
650 4 _aIdentidad colectiva
_91723
650 4 _aGrupos étnicos
_92276
650 4 _aManifestaciones culturales
_933446
650 4 _aMulticulturalismo
_932656
650 4 _aPatrimonio cultural
_933447
650 0 _aFolclore
_zRepública Dominicana
_933448
650 4 _aEspañol en República Dominicana
_918785
651 4 _aRepública Dominicana
_xEmigración e inmigración
_9290
700 1 _aPérez, Odalís
_d1952-
_923828
910 _aValidado. Control de calidad. MMOLINA
942 _2ddc
_cLBS1
999 _c14337
_d14337